| 000 | 00374nam a22001457a 4500 | ||
|---|---|---|---|
| 082 |
_a823 _bPOS/D |
||
| 100 | _aPOSKITT, KJARTAN | ||
| 245 |
_aDESPERATE MEASURES _bLENGTH , AREA AND VOLUME |
||
| 246 |
_aDESPERATE MEASURES _bLENGTHAREA AND VOLUME |
||
| 260 |
_aNEWDELHI _bSCHOLASTIC LTD _c2000 |
||
| 300 | _a176 | ||
| 520 | _aSHORT STORY | ||
| 650 | _aSHORT STORY | ||
| 942 | _cBK | ||
| 999 |
_c2142 _d2142 |
||